00711nam a2200193Ia 4500003000900000008004100009020001800050040001600068080002100084100002000105245019500125260004400320300001400364650004100378650002300419650002300442700001800465700003400483IN-BaIIA211028s9999 xx 000 0 eng d a0-9603796-2-2 cIIA Library a083.8:524.7bLON aLongo, Giuseppe 2aA general catalogue of photometric magnitudes and colors in the U,B,V system of 3,578 galaxies Brighter than the 16-TH VcGiuseppe Longo..[et.al]  aAustinbUniversity of Texas Pressc1983 axv, 400p. aAstronomy and Astrophysics Thesaurus aCatalogue-Galaxies aGalaxies catalogue aCorwin, H. G. aDe Vaucouleurs, Antoinette de